| 000 | 00383pab a2200145 454500 | ||
|---|---|---|---|
| 008 | 180718b2003 xxu||||| |||| 00| 0 eng d | ||
| 100 | _aAlexander, Susan | ||
| 245 | _aBringing gender and reproductive rights into the news: IPS news agency reporting | ||
| 260 | _c2003 | ||
| 300 | _ap.58-60. | ||
| 362 | _aJun | ||
| 650 | _aWomens rights | ||
| 773 | _aDevelopment | ||
| 909 | _a57619 | ||
| 999 |
_c57619 _d57619 |
||